000 00635cab a2200217 4500
001 WB2616-57
008 090401t1990 xxu||||| |||| 00| 0 eng d
035 _a(Sirsi) u41316
041 _aeng
245 _aSurveyor links with US
260 _c1990
350 _a0
490 _aFinancial Times
_v24/4/90 p12
520 _aHealey and Baker has established a link with Cushman and Wakefield , a property services company in the USA .
650 _aABOUT RICS-RICS MEMBERS
650 _aEXPANSION
650 _aOVERSEAS
690 _aMANAGEMENT-BUSINESS MANAGEMENT-PROFESSIONAL PRACTICE
942 _n0
948 _c04/03/1997
999 _c26553
_d26553